[Event "Magnus Carlsen Chess Tour Finals Kiva"]
[Site "Online"]
[Date "2020.08.17"]
[Round "2.6"]
[White "Carlsen, Magnus"]
[Black "Nakamura, Hikaru"]
[Result "1/2-1/2"]
[WhiteElo "2881"]
[BlackElo "2829"]
[Annotator "TA"]
[PlyCount "33"]
[EventDate "2020.08.09"]
[EventType "k.o."]
[SourceTitle "playchess.com"]
[Source "ChessBase"]
[SourceQuality "1"]

{[%evp 12,33,16,13,32,0,0,0,0,0,16,15,17,5,4,5,11,0,0,0,2,0,0,0]} 1. e4 e5 2. Nf3 Nc6 3. Bb5 Nf6 4. O-O Nxe4 5. Re1 Nd6 6. Nxe5 Be7 7. Bf1 Nf5 {C67: Ruy Lopez: Berlin Defence: 4 0-0 Nxe4.} (7... Nxe5 8. Rxe5 O-O 9. d4 Ne8 10. Re1 d5 11. Bf4 Bd6 12. Be5 c6 13. c3 Bxe5 14. Rxe5 Nd6 15. Bd3 g6 16. Nd2 f6 17. Re3 Bf5 18. Nb3 b6 19. Bxf5 Nxf5 20. Re2 Qd7 {½-½ (20) Carlsen,M (2870)-Nakamura,H (2741) Kolkata 2019}) 8. c3 (8. Nf3 {keeps more tension.} d5 9. d4 O-O 10. c3 Nd6 11. Qb3) 8... Nxe5 {The position is equal.} 9. Rxe5 d6 10. Re1 d5 11. d4 O-O 12. Bf4 Bd6 13. Qf3 {[#]} Nh4 $5 $146 {[%mdl 8] New and interesting.} ({Predecessor:} 13... Bxf4 14. Qxf4 Qd6 15. Qxd6 Nxd6 16. Bd3 c6 17. Nd2 Bf5 18. Bxf5 Nxf5 19. Re5 Nd6 20. Rae1 Rfe8 21. Rxe8+ Rxe8 22. Rxe8+ Nxe8 23. Nb3 Nd6 {½-½ (30) Kuzubov,Y (2660)-Inarkiev,E (2684) Ankara 2018}) 14. Qg3 Nf5 15. Qf3 Nh4 16. Qg3 Nf5 17. Qf3 {Not much happened in this game. Accuracy: White = 85%, Black = 100%.} 1/2-1/2

[Event "Magnus Carlsen Chess Tour Finals Kiva"]
[Site "Online"]
[Date "2020.08.17"]
[Round "2.6"]
[White "Nakamura, Hikaru"]
[Black "Carlsen, Magnus"]
[Result "0-1"]
[WhiteElo "2829"]
[BlackElo "2881"]
[Annotator "TA"]
[PlyCount "80"]
[EventDate "2020.08.09"]
[EventType "k.o."]
[SourceTitle "playchess.com"]
[Source "ChessBase"]
[SourceQuality "1"]

{[%evp 14,80,26,13,30,8,18,17,18,10,23,11,4,0,5,0,34,37,47,25,18,21,29,-14,-14,-13,13,0,0,0,4,-26,-30,-25,-32,-34,0,0,0,2,7,0,0,0,0,0,0,0,0,0,0,0,0,0,12,22,15,0,0,-637,-633,-778,-760,-768,-740,-29984,-29985,-29993,-29993]} 1. e4 e5 2. Nf3 Nc6 3. Bb5 Nf6 4. d3 d6 5. c3 g6 6. O-O Bg7 7. Re1 O-O 8. Nbd2 Re8 $5 {[%mdl 4] Leaves trodden paths. C66: Ruy Lopez: Steinitz Defence.} 9. Nf1 a6 10. Ba4 h6 {The position is equal.} 11. Ng3 {11.h3 is more fashionable.} d5 12. h3 b5 13. Bc2 Be6 14. Bd2 {[#]} Qd7 $146 ({Predecessor:} 14... dxe4 15. dxe4 Qe7 16. a4 Nd7 17. Qc1 Qf8 18. h4 Na5 19. Qd1 Nc4 {½-½ (60) Lepkasov,V (2153)-Rodchenkov,V (2370) Izhevsk 2013}) 15. a4 Rad8 16. axb5 axb5 17. b4 d4 18. Qc1 (18. c4 $5) 18... dxc3 19. Bxc3 Nh7 20. Qb2 {[%cal Rf3e5]} Qd6 21. Ne2 Ng5 {[#] Hoping for ...Nxf3+.} 22. Nd2 Bc8 23. Ra8 Bf8 {[%cal Rc6b4]} 24. Rb1 Bd7 25. Ra6 Ra8 26. Rxa8 Rxa8 27. h4 Ne6 28. Nf3 $1 {[%cal Rf3e5]} Bg7 29. Bb3 Ncd4 30. Nfxd4 Nxd4 31. Bxd4 exd4 32. f4 Bg4 33. e5 Qe7 34. Nxd4 Qxh4 35. Rc1 Rd8 {...Qg3 is the strong threat.} 36. Qc3 $2 {[%mdl 8192]} (36. Bxf7+ $11 Kxf7 37. Qb3+ Kf8 38. Rxc7) 36... Qg3 $19 37. Qxc7 Rd7 38. Qc8+ Kh7 39. Ra1 Rxd4 {[%mdl 64] [#] Double Attack, Discovered Attack} 40. e6 Rxf4 {Accuracy: White = 82%, Black = 93%.} 0-1

[Event "Magnus Carlsen Chess Tour Finals Kiva"]
[Site "Online"]
[Date "2020.08.17"]
[Round "2.6"]
[White "Nakamura, Hikaru"]
[Black "Carlsen, Magnus"]
[Result "1/2-1/2"]
[WhiteElo "2829"]
[BlackElo "2881"]
[Annotator "TA"]
[PlyCount "140"]
[EventDate "2020.08.09"]
[EventType "k.o."]
[SourceTitle "playchess.com"]
[Source "ChessBase"]
[SourceQuality "1"]

{[%evp 20,140,25,20,20,25,29,0,24,24,24,20,24,22,25,27,29,16,35,39,39,26,28,0,6,0,0,0,4,4,7,0,0,0,0,0,0,0,0,0,23,0,17,32,20,4,6,6,17,-8,0,0,20,0,25,18,27,23,32,25,90,65,65,65,65,65,65,65,65,46,80,80,87,87,87,87,87,87,87,87,87,80,87,80,359,344,369,354,471,434,500,487,495,477,485,198,455,432,491,481,467,425,384,384,293,0,0,0,0,0,0,0,0,0,0,0,0,0,0,0,0,0,0]} 1. e4 e5 2. Nf3 Nc6 3. Bb5 Nf6 4. d3 d6 5. O-O Be7 6. c3 a6 7. Ba4 O-O 8. Re1 Re8 9. Nbd2 {[%cal Bb1d2,Bd2f1,Bf1g3][%mdl 32]} Bf8 10. Nf1 h6 11. Ng3 b5 {C77: Ruy Lopez: 3...a6 4 Ba4 Nf6, unusual lines.} 12. Bc2 d5 13. a4 {[#] Black must now prevent axb5.} Rb8 (13... dxe4 {is interesting.} 14. dxe4 Qxd1 15. Rxd1 b4 16. Bd2 b3) 14. axb5 axb5 15. h3 dxe4 16. dxe4 Qxd1 17. Rxd1 {[#]} b4 $146 ({Predecessor:} 17... Bc5 18. b4 Bb6 19. Nf1 Bb7 20. Be3 Bxe3 21. Nxe3 Nd8 22. Nd2 Ne6 23. f3 c5 {½-½ (44) Martinez Alcantara,J (2606)-Delchev,A (2550) Montebelluna 2020}) 18. Ba4 Bb7 19. cxb4 Bxb4 20. Be3 Ra8 21. b3 Red8 22. Rac1 Rxd1+ 23. Rxd1 Bd6 24. Nd2 Nb4 25. Rc1 Nd3 26. Rc2 Nb4 27. Rc4 Ba6 28. Rc1 Bd3 29. Rc3 Rd8 30. Nc4 Bxc4 (30... Nxe4 $2 31. Nxe4 Be7 32. Ned2 $18 (32. Nxe5 Bxe4 33. Rxc7 Rd1+ 34. Kh2 Bd6 $11)) (30... Bxe4 31. Nxd6 cxd6 32. Rc4 $18) 31. Rxc4 Nd3 32. Rc2 Nf4 33. f3 g6 34. Nf1 Nd7 35. Nd2 Bc5 36. Nf1 Ne6 37. Bxd7 Bxe3+ 38. Nxe3 Rxd7 $11 {[%mdl 4096] Endgame KRN-KRN} 39. Ng4 {[#] And now Nf6+ would win.} Re7 (39... Rd1+ $11 40. Kh2 h5 41. Nxe5 h4) 40. Nxh6+ Kg7 41. Ng4 Nd4 42. Rc5 f6 43. b4 $1 c6 44. Kh2 Rb7 45. Rc4 g5 46. Ne3 Kg6 47. Kg3 Ra7 48. Nc2 Nxc2 49. Rxc2 $16 {KR-KR} Ra4 50. Rb2 Ra3 51. Kf2 Kh5 $2 {[%mdl 8192]} (51... Rd3 $16) 52. Rc2 $18 Ra6 53. Ke2 Kh4 54. Kd3 Kg3 55. Kc4 Ra1 56. Kc5 Rb1 57. Re2 (57. Kd6 $142 Rxb4 58. Ke6 (58. Kxc6 Rd4 $14) (58. Rxc6 Kxg2 59. Kc5 Rb3 $11)) 57... Rc1+ $2 (57... Kf4 58. Rc2 (58. Kxc6 Rxb4 59. Kd5 Rb5+ 60. Kd6 Rb6+ 61. Ke7 Ra6 $16) 58... Rb3) 58. Kd6 Rb1 59. Ke6 Rxb4 60. Kxf6 Kf4 {intending ...c5.} 61. Rc2 c5 62. Rc3 $2 (62. Rxc5 $18 Rb6+ 63. Ke7) 62... Rb6+ $1 $11 {The position is equal.} 63. Ke7 Rb2 64. Ke6 {Threatens to win with g3+!} Rxg2 65. Rxc5 Rg3 66. Rxe5 Rxf3 67. Rf5+ Kxe4 68. Rxf3 Kxf3 69. Kf5 Kg3 70. Kxg5 {White threatens h4 and mate.} Kxh3 {White really could win this. Accuracy: White = 88%, Black = 76%.} 1/2-1/2

[Event "Magnus Carlsen Chess Tour Finals Kiva"]
[Site "Online"]
[Date "2020.08.19"]
[Round "2.7"]
[White "Carlsen, Magnus"]
[Black "Nakamura, Hikaru"]
[Result "1-0"]
[WhiteElo "2881"]
[BlackElo "2829"]
[Annotator "TA"]
[PlyCount "85"]
[EventDate "2020.08.09"]
[EventType "k.o."]
[SourceTitle "playchess.com"]
[Source "ChessBase"]
[SourceQuality "1"]

{[%evp 9,85,20,36,0,0,0,0,0,3,-8,0,-8,8,0,10,0,11,8,2,0,10,13,30,25,30,25,18,17,25,15,15,-7,24,20,60,26,34,23,43,16,16,11,18,12,19,8,22,6,58,49,62,66,70,64,56,30,24,19,30,0,60,65,133,133,175,179,240,239,724,750,857,836,804,748,726,556,2839,2536]} 1. c4 e5 2. Nc3 Nf6 3. Nf3 Nc6 4. e3 (4. g3 d5 5. cxd5 Nxd5 6. Bg2 Nb6 7. O-O Be7 8. d3 O-O 9. Be3 Be6 10. Rc1 Nd5 11. Nxd5 Bxd5 12. a3 Re8 13. Qc2 Bf6 14. Nd2 Nd4 15. Bxd4 Bxg2 16. Kxg2 exd4 17. Qxc7 Rxe2 18. Qxd8+ Rxd8 19. Nc4 Rde8 20. Kf3 Bg5 {1-0 (84) Carlsen,M (2863)-Nakamura,H (2736) chess24.com INT 2020}) 4... d5 5. cxd5 Nxd5 6. Qc2 {A28: English Opening: Four Knights Variation.} Ndb4 7. Qb1 $1 f5 8. a3 {[#] The position is equal.} Nd5 $146 ({Predecessor:} 8... e4 9. Nxe4 fxe4 10. Qxe4+ Qe7 11. Qxe7+ Bxe7 12. axb4 Nxb4 13. Ra5 c5 14. Bb5+ Kd8 {1-0 (22) Samraoui,M-Demigha Algeria 1983}) 9. d3 Be6 10. Be2 Be7 11. O-O O-O 12. Nxd5 Bxd5 13. b4 a6 14. Bb2 Bd6 15. e4 Be6 16. Bc3 fxe4 17. dxe4 Bg4 18. Qa2+ Kh8 19. Ne1 Bd7 20. Rd1 Qf6 21. Nd3 Qh4 22. f3 (22. f4 {with more complications.} Qh6 23. Nc5 Bc8 24. Bxe5 Nxe5 25. fxe5 Bxc5+ 26. bxc5 Be6 27. Rxf8+ Rxf8 28. Qd2) 22... Rae8 23. g3 Qe7 24. Rf2 Be6 25. Qd2 Bb3 26. Rc1 Rd8 27. Qe3 a5 (27... Bc4 {seems wilder.} 28. Nb2 Be6 29. Bc4 Qf7 30. Bf1 Qe7) 28. Nc5 (28. f4 {feels hotter.} Bg8 29. bxa5 Bxa3 30. Nxe5 Bxc1 31. Qxc1 Nd4 32. Bd3) 28... axb4 (28... Bxc5 $1 $11 29. Qxc5 Qxc5 30. bxc5 a4) 29. axb4 $14 Bxc5 $1 30. Qxc5 Qxc5 31. bxc5 Nd4 32. Kg2 Nxe2 33. Rxe2 Rd3 $1 34. Bxe5 {Threatens to win with f4.} Rdxf3 (34... Bd1 $11 35. Rxd1 Rxd1) 35. Rb2 Ba4 (35... Rd3 $14) 36. Rxb7 $16 R3f7 {[#]} 37. c6 $1 {[%cal Bc5c6,Bc6c7][%mdl 32]} h5 (37... Kg8 $142 38. Rc4 (38. Bxc7 Rc8 $16) (38. Rxc7 Rxc7 39. Bxc7 Rc8 $16) 38... Bd1 39. Rxc7 Rxc7) 38. Bxc7 $18 {Black must now prevent Bd6.} ({Don't play} 38. Rxc7 $6 Rxc7 39. Bxc7 Rc8 $16) 38... Kh7 $2 (38... Rf6 39. Rb6 Kg8) 39. Bd6 {White is clearly winning.} Rf2+ 40. Kg1 R8f6 41. c7 Bd7 42. Bf4 Bc8 43. Rb8 {Accuracy: White = 83%, Black = 65%.} 1-0

[Event "Magnus Carlsen Chess Tour Finals Kiva"]
[Site "Online"]
[Date "2020.08.19"]
[Round "2.7"]
[White "Carlsen, Magnus"]
[Black "Nakamura, Hikaru"]
[Result "1/2-1/2"]
[WhiteElo "2881"]
[BlackElo "2829"]
[Annotator "TA"]
[PlyCount "147"]
[EventDate "2020.08.09"]
[EventType "k.o."]
[SourceTitle "playchess.com"]
[Source "ChessBase"]
[SourceQuality "1"]

{[%evp 17,146,22,13,17,15,1,12,0,0,-13,0,-1,-4,-2,-7,-9,0,0,0,0,0,0,0,8,1,5,8,0,0,0,0,0,0,0,0,0,27,31,34,32,35,35,52,37,22,18,55,10,64,59,48,42,54,44,45,8,13,0,0,0,0,0,0,4,99,99,99,99,99,99,99,99,99,99,99,99,99,99,99,99,99,99,99,99,99,99,99,0,99,99,99,99,99,99,99,99,99,99,99,99,99,99,99,99,99,99,99,99,99,0,0,0,0,0,0,0,0,0,0,0,8,0,0,0,0,0,0,0,0,0,0]} 1. e4 c5 2. Nf3 Nc6 3. Bb5 g6 4. O-O Bg7 5. c3 Nf6 6. Re1 O-O 7. d4 cxd4 8. cxd4 d5 9. e5 Ne4 10. Be3 {B31: Sicilian: 2...Nc6 3 Bb5 g6.} Bd7 {[#]} 11. Ba4 $146 ({Predecessor:} 11. Nbd2 Nxd2 12. Qxd2 a6 13. Be2 Rc8 14. h4 Bg4 15. Rac1 h5 16. Bg5 Re8 17. Rc5 {1-0 (36) Khanin,S (2482)-Mukhutdinov,T (2286) chess.com INT 2020}) 11... Na5 12. Bxd7 (12. Nbd2 {keeps more tension.} f5 13. exf6 exf6 14. Bb3 Nxb3 15. Qxb3 Nxd2 16. Qxd5+ Rf7 17. Nxd2 Bc6 18. Qxd8+ Rxd8 19. Nc4) 12... Qxd7 13. Nfd2 Nxd2 14. Nxd2 Nc4 15. Nxc4 dxc4 16. a4 Qd5 17. Qf3 Qxf3 18. gxf3 e6 19. Rec1 Rfc8 20. Rc3 Rc6 21. b3 Rac8 22. bxc4 Rxc4 23. Rb3 R4c7 24. Rab1 b6 25. a5 bxa5 {White should prevent ...Bf8.} 26. Ra3 f6 27. Rxa5 g5 28. Kg2 h6 29. h4 Rd7 30. Ra6 Re8 31. Rb5 Kf7 32. h5 Ree7 (32... f5 $11) 33. Kg3 fxe5 34. dxe5 Rd5 $1 35. Rxd5 exd5 $14 {[%mdl 4096] Endgame KRB-KRB} 36. Kg4 Rxe5 37. Rxa7+ (37. Bc5 {is interesting.} Re2 38. Rxa7+ Kg8 39. Ra5 d4 40. Ra8+) 37... Re7 38. Rxe7+ Kxe7 $11 {KB-KB} 39. Kf5 Kf7 40. f4 gxf4 (40... Bc3 $11) 41. Bxf4 $16 d4 42. Bd2 d3 43. Ke4 Ke6 44. Kxd3 Kf5 {[#]} 45. f3 $1 Bf8 46. Kc4 Ke5 47. Be3 Bg7 48. Kc5 ({Of course not} 48. Bd4+ $6 Kf4 $11) 48... Ke6 49. Kc6 Kf7 50. Kd5 Bf8 51. Bd4 Ba3 52. Bc5 (52. f4 $16) 52... Bc1 (52... Bxc5 $1 $11 {keeps the balance.} 53. Kxc5 Ke6) 53. Ke4 {[#] Be3 is the strong threat.} Bb2 54. Be3 Bg7 55. f4 Ke6 56. f5+ Kf7 57. Bc5 Bb2 58. Bd4 Ba3 59. Ke5 Be7 60. Be3 Bf6+ 61. Kd5 Bg7 62. Bd4 {Intending Bxg7 and mate.} Bf8 63. f6 (63. Bc3 $16) 63... Ba3 $11 {The position is equal.} 64. Ke5 Bc1 65. Kf5 Bg5 66. Be5 Bh4 67. Bf4 Bxf6 68. Bxh6 Bg7 69. Bxg7 Kxg7 70. Kg5 Kh7 71. h6 Kh8 72. Kg6 Kg8 73. h7+ Kh8 74. Kh6 {Accuracy: White = 92%, Black = 91%.} 1/2-1/2

[Event "Magnus Carlsen Chess Tour Finals Kiva"]
[Site "Online"]
[Date "2020.08.19"]
[Round "2.7"]
[White "Nakamura, Hikaru"]
[Black "Carlsen, Magnus"]
[Result "0-1"]
[WhiteElo "2829"]
[BlackElo "2881"]
[Annotator "TA"]
[PlyCount "86"]
[EventDate "2020.08.09"]
[EventType "k.o."]

{[%evp 9,86,24,23,16,20,0,3,0,0,-6,-6,-18,-10,-35,-29,-11,-2,-60,-51,-59,-46,-68,-61,-66,-66,-88,-57,-56,-50,-56,0,0,0,-43,-37,-60,0,-36,-27,-30,-46,-46,-40,-154,-155,-155,-147,-545,-521,-530,-526,-559,-552,-550,-549,-542,-537,-527,-526,-620,-598,-675,-586,-722,-709,-692,-683,-1079,-918,-1145,-1155,-1147,-1172,-1160,-1140,-1304,-1279,-29969,-12832]} 1. e4 e5 2. Nf3 Nc6 3. Bb5 Nf6 4. d3 Bc5 5. Bxc6 dxc6 6. Nbd2 {C65: Ruy Lopez: Berlin Defence (3...Nf6), unusual lines and 4 0-0 Bc5.} O-O {6...Nd7 injects fresh life into this line. Played by Magnus Carlsen in July 2020.} (6... Bg4 7. h3 Bh5 8. a3 Nd7 9. g4 Bg6 10. b4 Bd6 11. Nc4 f6 12. Na5 Qc8 13. Nh4 Nf8 14. Nf5 Ne6 15. Be3 Kf7 16. c3 Re8 {0-1 (41) Nakamura,H (2736)-Carlsen,M (2863) chess24.com INT 2020}) 7. h3 Nd7 8. Nc4 {The position is equal.} a5 9. Be3 f6 10. O-O {[#]} b5 $146 ({Predecessor:} 10... Re8 11. Qe1 b6 12. Nfd2 Bf8 13. a4 Nc5 14. f4 exf4 15. Rxf4 Ne6 16. Rf2 Nd4 {½-½ (60) Stojanovic,D (2503)-Berend,E (2330) Tromsoe 2014}) 11. Ncd2 Bxe3 12. fxe3 a4 13. Nh4 ({White should try} 13. c4 $11) 13... c5 $15 14. Nf5 Nb6 15. Qe2 Be6 16. Nf3 Qd7 17. N3h4 Rad8 18. Rfd1 Kh8 19. d4 cxd4 (19... Qe8 $15) 20. exd4 $11 exd4 21. Rxd4 Qc6 22. Rad1 Qc5 (22... Rde8 $15 23. Qd3 Nc4) 23. Qf2 Rxd4 24. Nxd4 Bxa2 25. b3 $1 Rd8 {White must now prevent ...axb3.} 26. Nhf5 (26. Rd2 $1 $15) 26... axb3 $17 27. cxb3 {[#]} Bxb3 $1 {[%mdl 576] Pin} 28. Nxg7 $2 {[%mdl 8192] Now White is beyond hope.} (28. Rb1 $17 {is tougher.} g6 29. Nxb3 Qxf2+ 30. Kxf2 gxf5 31. exf5) (28. Nxb3 Rxd1+) 28... Rxd4 $19 29. Rxd4 Kxg7 30. Qg3+ Kf8 31. Qe3 {[#] Rd8+ is the strong threat.} Nd7 $1 {[%mdl 512]} 32. Kh1 (32. Rxd7 Qxe3+) 32... Ke8 33. Qd2 Be6 34. e5 Qxe5 35. Rh4 Nf8 36. Qb4 Kf7 37. Re4 c5 38. Qb1 Qd5 {And now ...Bf5 would win.} 39. Rf4 b4 {[%cal Bb5b4,Bb4b3][%mdl 32]} 40. Qa1 Nd7 41. Qb1 Kg7 42. Qe1 b3 43. Qg3+ Qg5 {Accuracy: White = 53%, Black = 90%.} 0-1

[Event "Magnus Carlsen Chess Tour Finals Kiva"]
[Site "Online"]
[Date "2020.08.19"]
[Round "2.7"]
[White "Nakamura, Hikaru"]
[Black "Carlsen, Magnus"]
[Result "1-0"]
[WhiteElo "2829"]
[BlackElo "2881"]
[Annotator "TA"]
[PlyCount "61"]
[EventDate "2020.08.09"]
[EventType "k.o."]
[SourceTitle "playchess.com"]
[Source "ChessBase"]
[SourceQuality "1"]

{[%evp 9,61,18,16,12,20,0,10,0,1,-18,0,0,-3,-10,1,2,22,17,29,26,27,16,26,20,26,24,85,58,68,71,91,59,107,91,251,237,284,143,78,70,276,247,288,276,600,222,220,220,220,220,29987,29987,3004,2570]} 1. e4 e5 2. Nf3 Nc6 3. Bb5 Nf6 4. d3 Bc5 5. Bxc6 dxc6 6. Nbd2 {C65: Ruy Lopez: Berlin Defence (3...Nf6), unusual lines and 4 0-0 Bc5.} O-O {6...Nd7 is more fashionable. Played by Magnus Carlsen in July 2020.} (6... Bg4 7. h3 Bh5 8. a3 Nd7 9. g4 Bg6 10. b4 Bd6 11. Nc4 f6 12. Na5 Qc8 13. Nh4 Nf8 14. Nf5 Ne6 15. Be3 {0-1 (41) Nakamura,H (2736)-Carlsen,M (2863) chess24.com INT 2020}) 7. h3 Nd7 8. Nc4 {The position is equal.} a5 {[#]} 9. g4 $146 ({Predecessor:} 9. O-O Re8 10. a4 b6 11. Re1 Bf8 12. b3 f6 13. Bb2 Nc5 14. d4 exd4 15. e5 {½-½ (38) Domancich,E (2426)-Gonzaga Grego,L (2405) ICCF email 2017}) 9... Re8 10. Rg1 a4 11. Ne3 Bxe3 12. Bxe3 Nf8 13. h4 Qd6 14. Qd2 c5 15. h5 b5 16. Nh4 Qc6 17. Nf5 c4 (17... Ne6 $11) 18. Qb4 $16 a3 {aiming for ...Ra4.} 19. b3 cxd3 20. cxd3 Qc2 $1 21. h6 g6 $2 (21... Ne6 $16 {was necessary.}) 22. Rc1 $1 $18 {[%cal Rc1c2]} Qxd3 23. Rd1 (23. Ne7+ $1 $18 Kh8 24. Bg5) 23... Qc2 $16 {White must now prevent ...Ba6.} 24. Ng7 $36 {[%mdl 2048] White has the initiative.} Bb7 $2 ({Black should play} 24... Be6 $1 $14 25. Nxe8 Rxe8) 25. Nxe8 $18 Rxe8 26. f3 ({Less strong is} 26. Qxb5 Bc6 $16) 26... Qxa2 $2 (26... g5 27. Qxb5 {[%mdl 64] Double Attack} Bc6) 27. Rd2 $2 (27. Qxb5 Ba6 28. Qxa6) 27... Qb1+ {[#]} 28. Kf2 $1 a2 {[#] Strongly threatening ...Qxg1+!} 29. Qc3 $1 Ra8 $2 {[#]} (29... g5 $18 30. Qa1 Qxb3 31. Rxa2 (31. Qxa2 Qxa2 32. Rxa2 Ne6 $16) 31... Bc8 32. Bxg5 f6) 30. Rxb1 $1 {[%mdl 512]} axb1=Q 31. Qxe5 {Accuracy: White = 80%, Black = 56%.} 1-0

[Event "Magnus Carlsen Chess Tour Finals Kiva"]
[Site "Online"]
[Date "2020.08.19"]
[Round "2.7"]
[White "Nakamura, Hikaru"]
[Black "Carlsen, Magnus"]
[Result "1/2-1/2"]
[WhiteElo "2829"]
[BlackElo "2881"]
[Annotator "TA"]
[PlyCount "134"]
[EventDate "2020.08.09"]
[SourceTitle "playchess.com"]
[Source "ChessBase"]
[SourceQuality "1"]

{[%evp 9,134,25,31,18,19,0,2,-20,-16,-63,-57,-69,-64,-60,-58,-57,-36,-45,0,-3,0,-19,-14,-18,0,-7,-6,-31,-27,-49,-49,-56,-51,-65,-74,-68,-73,-68,-77,-77,-58,-58,-55,-77,-77,-72,-29,-71,-12,-12,-18,-172,-13,-5,0,0,0,0,0,0,0,0,0,0,0,0,0,9,35,0,0,0,73,73,73,73,73,73,73,73,73,73,73,73,73,73,73,73,73,73,73,73,73,73,73,66,73,73,73,73,73,6,73,0,0,0,0,0,0,0,0,0,0,20,60,0,0,0,0,0,0,0,0,0,0,0,0]} 1. e4 e5 2. Nf3 Nc6 3. Bb5 Nf6 4. d3 Bc5 5. Bxc6 dxc6 6. Nbd2 {C65: Ruy Lopez: Berlin Defence (3...Nf6), unusual lines and 4 0-0 Bc5.} Be6 {6...Nd7 gains popularity.} (6... Bg4 7. h3 Bh5 8. a3 Nd7 9. g4 Bg6 10. b4 Bd6 11. Nc4 f6 12. Na5 Qc8 13. Nh4 Nf8 14. Nf5 Ne6 15. Be3 {0-1 (41) Nakamura,H (2736)-Carlsen,M (2863) chess24.com INT 2020}) 7. h3 Nd7 8. Nf1 f6 {[#]} 9. g4 $146 ({Predecessor:} 9. Be3 Qe7 10. d4 exd4 11. Nxd4 O-O-O 12. Qe2 Bxd4 13. Bxd4 Ne5 14. O-O-O Bxa2 15. Ne3 {0-1 (30) Warakomska,A (2306)-Zimina,O (2414) Stary Smokovec 2018}) 9... Qe7 10. Ng3 O-O-O 11. Qe2 Kb8 12. a3 Bb6 13. Be3 Nf8 14. O-O-O Ng6 15. Nh5 Bxe3+ (15... Ba5 {keeps more tension.} 16. Kb1 Rhe8 17. Nd2 Bb6 18. Nf3 h6) 16. Qxe3 c5 17. Nd2 b6 18. Nb1 Nh4 19. Rhg1 g5 20. Nc3 Ng6 21. Kb1 Nf4 22. Nxf4 gxf4 23. Qe2 {[#]} h5 $1 {[%mdl 512]} 24. f3 (24. gxh5 Bf7) 24... hxg4 25. hxg4 Rh3 26. Rg2 Rdh8 27. Rdg1 Rh1 28. b3 c4 (28... Qd8 $17 {And now ...Rxg1+ would win.} 29. Qd1 R1h4) 29. dxc4 $11 Qxa3 30. g5 $2 {[#]} (30. Qf1 $11 R1h7 31. Nd5) 30... fxg5 $2 (30... Rxg1+ $1 $19 31. Rxg1 fxg5) 31. Rxg5 a5 32. Qd3 Kb7 33. Rg7 Rxg1+ 34. Rxg1 Rh7 35. Na4 Qd6 36. Qc3 Bd7 37. Nb2 Rh3 38. Rd1 Qe7 {Threatening ...Bg4!} 39. Nd3 Rxf3 40. Qxe5 Rxd3 (40... Qe6 $11 {keeps the balance.} 41. Kb2 Re3) 41. Qxe7 $16 Rxd1+ $11 {[%mdl 4096] Endgame KQ-KRB} 42. Kb2 Bc6 43. e5 f3 44. Qf6 Rd2 45. e6 f2 46. e7 {Qxc6+! is the strong threat.} Re2 47. Qf7 Rxe7 48. Qxf2 Rg7 49. Qf4 Rg2 50. Qe5 Rg6 51. c3 Rg2+ 52. Kc1 Rg4 53. Qe6 Re4 54. Qf7 Re1+ 55. Kd2 (55. Kb2 $16) 55... Re4 (55... Rb1 $11 {remains equal.}) 56. b4 (56. Kc2 $16) 56... axb4 $1 57. cxb4 {Hoping for b5.} b5 58. cxb5 Bxb5 59. Qd5+ Bc6 60. Qc5 {Threatens to win with b5.} (60. Qf7 {is more complex.} Rxb4) 60... Re6 61. Kc3 Rd6 62. b5 (62. Qg5 $14) 62... Bd7 {The position is equal.} 63. Qe5 Bc8 64. Kc4 Rb6 65. Kc5 Kb8 66. Qe8 Rd6 67. Qf8 Rb6 {Accuracy: White = 83%, Black = 85%.} 1/2-1/2